Úpravy hodnôt majetku a záväzkov v účtovníctve diplomová práca

Enregistré dans:
Détails bibliographiques
Auteur principal: Iványová, Tímea
Collectivité auteur: Fakulta hospodárskej informatiky EU. Katedra účtovníctva a audítorstva
Autres auteurs: Szászová, Renáta
Format: Livre
Langue:slovaque
Publié: Bratislava 2015
Tags: Ajouter un tag
Pas de tags, Soyez le premier à ajouter un tag!

MARC

LEADER 00000nbm a2200000 4500
001 0203521
005 20161212112801.0
041 0 |a slo 
044 |a SK 
245 1 0 |a Úpravy hodnôt majetku a záväzkov v účtovníctve  |b diplomová práca  |c Tímea Iványová ; školiteľ: Renáta Szászová 
264 1 |a Bratislava  |c 2015 
300 |a 65 s. 
100 1 |a Iványová, Tímea 
700 1 |a Szászová, Renáta 
710 2 |a Fakulta hospodárskej informatiky EU. Katedra účtovníctva a audítorstva